000 00773nam a2200241 i 4500
001 150472
003 ES-MaACL
005 20250809063524.0
007 t|
008 071030s1984 sp ||||1| spa d
100 1 _aValderrama, Pilar de.
_9112494
245 1 0 _aDe mar a mar /
_cPilar de Valderrama (Guiomar) ; prólogo de Carlos Murciano.
250 _a[1ª ed.].
260 _aMadrid :
_bTorremozas,
_c1984.
300 _a135 p. ;
_c17 cm.
490 1 _aColección Torremozas de poesía de mujeres
_v15
_9177494
500 _aGrab. retr. aut.
700 1 _aMurciano, Carlos,
_d1931-
_9153351
830 0 0 _aColección Torremozas de poesía de mujeres
_v15
_9177494
852 _aES-MaACL
_jL-6500
_bR.107235
942 _2udc
999 _c150472
_d150472